|
|
|
|
| LEADER |
02558nam a22003853i 4500 |
| 001 |
EBC5983501 |
| 003 |
MiAaPQ |
| 005 |
20231204023214.0 |
| 006 |
m o d | |
| 007 |
cr cnu|||||||| |
| 008 |
231204s2019 xx o ||||0 eng d |
| 020 |
|
|
|a 9783030259686
|q (electronic bk.)
|
| 020 |
|
|
|z 9783030259679
|
| 035 |
|
|
|a (MiAaPQ)EBC5983501
|
| 035 |
|
|
|a (Au-PeEL)EBL5983501
|
| 035 |
|
|
|a (OCoLC)1141441235
|
| 040 |
|
|
|a MiAaPQ
|b eng
|e rda
|e pn
|c MiAaPQ
|d MiAaPQ
|
| 050 |
|
4 |
|a B65
|
| 100 |
1 |
|
|a Stjernfelt, Frederik.
|
| 245 |
1 |
0 |
|a Your Post Has Been Removed :
|b Tech Giants and Freedom of Speech.
|
| 250 |
|
|
|a 1st ed.
|
| 264 |
|
1 |
|a Cham :
|b Springer International Publishing AG,
|c 2019.
|
| 264 |
|
4 |
|c ©2020.
|
| 300 |
|
|
|a 1 online resource (295 pages)
|
| 336 |
|
|
|a text
|b txt
|2 rdacontent
|
| 337 |
|
|
|a computer
|b c
|2 rdamedia
|
| 338 |
|
|
|a online resource
|b cr
|2 rdacarrier
|
| 505 |
0 |
|
|a Your Post has been Removed -- Preface -- Introduction -- Contents -- About the Authors -- Chapter 1: What Is Freedom of Speech? -- Chapter 2: The Free Networks of the Enlightenment -- Chapter 3: A New Golden Age of Enlightenment? -- Chapter 4: The Digital Enlightenment Project Facing Challenges -- Chapter 5: The Internet 3.0 -- Chapter 6: Attention and Dopamine Hits -- Chapter 7: Tech Giants as Ad Brokers -- Chapter 8: Improving the World or Capitalizing on It? -- Chapter 9: Free Speech Under Pressure -- Chapter 10: Nipples and the Digital Community -- Chapter 11: Facebook's Handbook of Content Removal -- Chapter 12: Facebook and Google as Offices of Censorship -- Chapter 13: Entrusting Government Control to Private Tech Giants -- Chapter 14: The First Digital Losers -- Chapter 15: Distortion of the Public Sphere -- Chapter 16: Trust Busting the Tech Giants? -- Chapter 17: The Role of Civil Society -- Chapter 18: A Digital Hangover -- Bibliography -- Books -- Articles, Reports -- TV, Video -- Index.
|
| 588 |
|
|
|a Description based on publisher supplied metadata and other sources.
|
| 590 |
|
|
|a Electronic reproduction. Ann Arbor, Michigan : ProQuest Ebook Central, 2023. Available via World Wide Web. Access may be limited to ProQuest Ebook Central affiliated libraries.
|
| 655 |
|
4 |
|a Electronic books.
|
| 700 |
1 |
|
|a Lauritzen, Anne Mette.
|
| 776 |
0 |
8 |
|i Print version:
|a Stjernfelt, Frederik
|t Your Post Has Been Removed
|d Cham : Springer International Publishing AG,c2019
|z 9783030259679
|
| 797 |
2 |
|
|a ProQuest (Firm)
|
| 856 |
4 |
0 |
|u https://ebookcentral.proquest.com/lib/matrademy/detail.action?docID=5983501
|z Click to View
|